000 00287nam a22001337a 4500
008 181024b xxu||||| |||| 00| 0 eng d
020 _a0669.1317
041 _aeng
080 _a370
100 _a47
101 _aEDU
245 _aThe Other Helpers
_cGershon.M
942 _2udc
_cBK
999 _c50862
_d50862